01029nam a2200277Ia 450000500170000000800410001702000270005802000140008504000710009904100080017006000110017810000220018924501390021125000220035026000570037230000300042949000560045950400530051554600220056865000250059065000300061565000230064565000370066865000260070565000200073120240829100630.0130821s2000 xxud fr 1 eng d a9780195133646 (2a.Ed.) a195073347 aCo-BoUCMbspacSaul Niño (Modificó)dDavid Moreno (modificó)00aeng aW 20.51 aPetitti, Diana B.10aMeta-analysis, desicion analysis, and cost-effectivesness analysis bmethods for quantitative synthesis in medicinecDiana B. Petitti aSegunda edición aNueva York (Estados Unidos)bOxford Universityc2000 a306 Páginasbgráficas0 aMonographs in Epidemiology and Biostatistcsv24, 31 aIncluye referencias bibliográficas e índices aTexto en inglés04aAnálisis de costos04aDecisiones estadísticas04aToma de decisiones 7aMedicina basada en la evidencia  7aPolítica pública 04aEpidemiología